Elementary Real and Complex Analysis (Record no. 6724)

MARC details
000 -LEADER
fixed length control field 00525nam a22001937a 4500
003 - CONTROL NUMBER IDENTIFIER
control field OSt
005 - DATE AND TIME OF LATEST TRANSACTION
control field 20200309163441.0
008 - FIXED-LENGTH DATA ELEMENTS--GENERAL INFORMATION
fixed length control field 200309b ||||| |||| 00| 0 eng d
020 ## - INTERNATIONAL STANDARD BOOK NUMBER
International Standard Book Number 0486689220
040 ## - CATALOGING SOURCE
Transcribing agency DDC
082 ## - DEWEY DECIMAL CLASSIFICATION NUMBER
Classification number 515 SHI 1996
100 ## - MAIN ENTRY--PERSONAL NAME
Personal name Shilov, Georgi E.; Silverman, Richard A.
9 (RLIN) 13811
245 ## - TITLE STATEMENT
Title Elementary Real and Complex Analysis
260 ## - PUBLICATION, DISTRIBUTION, ETC. (IMPRINT)
Place of publication, distribution, etc. New York;
Name of publisher, distributor, etc. Dover,
Date of publication, distribution, etc. 1996
300 ## - PHYSICAL DESCRIPTION
Extent xi,516p;
Other physical details Ill:
Dimensions 21.5cm
504 ## - BIBLIOGRAPHY, ETC. NOTE
Bibliography, etc Index included
650 ## - SUBJECT ADDED ENTRY--TOPICAL TERM
Topical term or geographic name as entry element Mathematical analysis
9 (RLIN) 2757
942 ## - ADDED ENTRY ELEMENTS (KOHA)
Source of classification or shelving scheme Other/Generic Classification Scheme
Koha item type Open Shelf
Holdings
Withdrawn status Lost status Source of classification or shelving scheme Damaged status Not for loan Home library Current library Date acquired Source of acquisition Inventory number Total Checkouts Full call number Barcode Date last seen Koha item type
    Dewey Decimal Classification     MUST Main Library MUST Main Library 09/03/2020 Purchase 04/22783   515 SHI 1996 2020-0664 09/03/2020 Open Shelf
    Dewey Decimal Classification     MUST Main Library MUST Main Library 07/09/2022 Purchase 06/28274   515 SHI 1996 2022-7980 07/09/2022 Open Shelf
    Dewey Decimal Classification     MUST Main Library MUST Main Library   Purchase 06/28275   515 SHI 1996 2024-20495 14/06/2024 Open Shelf